000 00213 a2200097 4500
001 4992
100 _aHirschhorn,J
245 _aKinematics & dynamics of plane
260 _a
_bMcGraw hill
_c
090 _c4168
_d4168
942 _aNUST-CAE
_cM
_c30454
999 _c240065
_d240065